00457pab a2200157 454500008004000000100002200040245007700062260000900139300001500148362001100163650003200174650003100206650001800237650001000255773003400265180718b1997 xxu||||| |||| 00| 0 eng d aGhaneker, Jayanti aSorry state of agricultural wage data: sources and methods of collection c1997 ap.1029-036 a10 May aAgricultural labour - India aAgricultural wages - India aWages - India aWages aEconomic and Political Weekly